[Event "Szolnok Agora op 2nd"]
[Site "Szolnok"]
[Date "2023.06.29"]
[Round "1"]
[White "Radocz, Istvan Sr"]
[Black "Kiss, Benedek"]
[Result "1/2-1/2"]
[WhiteElo "1636"]
[BlackElo "1767"]
[PlyCount "52"]
[EventDate "2023.06.29"]
[EventType "swiss"]
[EventRounds "7"]
[EventCountry "HUN"]
[SourceTitle "EXT 2024"]
[Source "ChessBase"]
[SourceDate "2023.10.10"]
[SourceVersion "1"]
[SourceVersionDate "2023.10.10"]
[SourceQuality "1"]

1. e4 e5 2. Nf3 Nc6 3. Bc4 f5 4. d3 Nf6 5. Qe2 fxe4 6. dxe4 Bc5 7. Bg5 d6 8. h3 Na5 9. Nc3 Nxc4 10. Qxc4 Bb6 11. Bh4 c6 12. 0-0-0 Qe7 13. Rhe1 Be6 14. Qa4 0-0-0 15. Nd5 cxd5 16. exd5 Bd7 17. Qa3 Kb8 18. Nd2 Rc8 19. f4 Bf5 20. c3 Qc7 21. fxe5 dxe5 22. d6 Qc5 23. Qxc5 Rxc5 24. Bg3 e4 25. d7+ Bc7 26. Nxe4 Bxg3 1/2-1/2